000 00565nam a22001815i 4500
001 171504
003 ES-MaACL
005 20230906214641.0
008 090519s1943 mx |||| | spa d
100 1 _aSolana y Gutiérrez, Mateo.
_9140214
245 1 0 _aShakespeare
_b: abismo iluminado /
_cMateo Solana y Gutiérrez.
260 _aMéxico :
_bEditora del Continente,
_c1943.
300 _a476 p., 8 lám. ;
_c24 cm.
490 1 _aLas grandes ideas
830 0 _aLas grandes ideas
_9189024
852 _aES-MaACL
_jB-10733
_9R.22244
999 _c171504
_d171504